MARC details
| 000 -CABECERA |
| campo de control de longitud fija |
03049nam a2200301 c 4500 |
| 001 - NÚMERO DE CONTROL |
| campo de control |
991025470818107026 |
| 003 - IDENTIFICADOR DEL NÚMERO DE CONTROL |
| campo de control |
UkOxU |
| 005 - FECHA Y HORA DE LA ÚLTIMA TRANSACCIÓN |
| campo de control |
20251002111440.0 |
| 008 - DATOS DE LONGITUD FIJA--INFORMACIÓN GENERAL |
| campo de control de longitud fija |
231013s2024 enka f b 001 0 eng d |
| 020 ## - NÚMERO INTERNACIONAL ESTÁNDAR DEL LIBRO |
| Número Internacional Estándar del Libro |
9781009209007 |
| 035 ## - NÚMERO DE CONTROL DEL SISTEMA |
| Número de control de sistema |
(OCoLC)1417314261 |
| 035 ## - NÚMERO DE CONTROL DEL SISTEMA |
| Número de control de sistema |
(OCoLC)on1417314261 |
| 040 ## - FUENTE DE LA CATALOGACIÓN |
| Centro catalogador/agencia de origen |
DKDLA |
| Lengua de catalogación |
dan |
| Centro/agencia transcriptor |
DKDLA |
| Centro/agencia modificador |
OCLCO |
| -- |
UkOxU |
| 041 ## - CÓDIGO DE LENGUA |
| Código de lengua del texto/banda sonora o título independiente |
eng |
| 050 14 - SIGNATURA TOPOGRÁFICA DE LA BIBLIOTECA DEL CONGRESO |
| Número de clasificación |
HC79.T4 |
| Número de documento/Ítem |
L4279 2023 |
| 100 ## - ENTRADA PRINCIPAL--NOMBRE DE PERSONA |
| Nombre de persona |
Leiponen, Aija |
| Término indicativo de función/relación |
author |
| 9 (RLIN) |
25970 |
| 245 10 - MENCIÓN DE TÍTULO |
| Título |
Digital innovation strategy |
| Mención de responsabilidad, etc. |
/ Aija Leiponen |
| 260 ## - PUBLICACIÓN, DISTRIBUCIÓN, ETC. |
| Lugar de publicación, distribución, etc. |
Cambridge : |
| Nombre del editor, distribuidor, etc. |
Cambridge University Press, |
| Fecha de publicación, distribución, etc. |
2024. |
| 300 ## - DESCRIPCIÓN FÍSICA |
| Extensión |
xvi, 280 pages. : |
| Otras características físicas |
illustrations (black and white) ; |
| Dimensiones |
26 cm. |
| 504 ## - NOTA DE BIBLIOGRAFÍA, ETC. |
| Nota de bibliografía, etc. |
Includes bibliographical references and index |
| 505 0# - NOTA DE CONTENIDO CON FORMATO |
| Nota de contenido con formato |
Part I. Introduction: 1. What is Special about Digital Business Innovation? — 2. Digital Disruption — 3. Disruptive Communication Networks — Part II. Information Products and Sources: 4. Production of Information Goods — 5. Pricing of Information — 6. Consumption of Information — 7. Building and Commercializing Data Assets — 8. Business Model Design for Information Goods — Part III. Networks: 9. Networks and Systems — 10. Network Competition — 11. Platform Strategies — Part IV. Organizing Digital Innovations: 12. The Inverted Firm — 13. Digital Business Models — 14. Business Model Framework — Part V. Gaining Ecosystem Momentum: 15. Launching a New Digital Business Model — 16. Sources of Competitive Advantage in Digital Ecosystems — 17. Intellectual Property Rights and Digital Technologies |
| 520 8# - SUMARIO, ETC. |
| Sumario, etc. |
With its research-based approach and ample practical examples, this book is designed for advanced undergraduates, MBA students, and professionals who seek to deepen their understanding of digital market dynamics by offering a step-by-step guide on how to develop and launch digital innovations. Based on applied economics and from the perspective of an innovator seeking to develop a new digital business, this textbook is aimed at MBA and advanced undergraduate audiences interested in innovation strategy and competition in digital industries. Step-by-step, the book guides innovators through a dynamic market analysis and business model design, leading to an assessment of the future evolution of the market and the broader innovation ecosystem, and what the innovator can do to position the innovation for continued success. Each chapter defines and provides references for key concepts that can be further explored through suggested readings and study questions. Real-world case studies further facilitate forming a comprehensive view on how to resolve strategic challenges of digital innovation. The topics covered in this text are essential for a broad range of managers, consultants, entrepreneurs, technologists, and analysts to understand in depth. |
| 650 #0 - PUNTO DE ACCESO ADICIONAL DE MATERIA--TÉRMINO DE MATERIA |
| Término de materia o nombre geográfico como elemento de entrada |
Technological innovations |
| Subdivisión general |
Economic aspects |
| 9 (RLIN) |
3594 |
| 650 #0 - PUNTO DE ACCESO ADICIONAL DE MATERIA--TÉRMINO DE MATERIA |
| Término de materia o nombre geográfico como elemento de entrada |
Information technology |
| Subdivisión general |
Economic aspects |
| 9 (RLIN) |
12278 |
| 650 #0 - PUNTO DE ACCESO ADICIONAL DE MATERIA--TÉRMINO DE MATERIA |
| Término de materia o nombre geográfico como elemento de entrada |
Strategic planning |
| 9 (RLIN) |
3573 |
| 650 #0 - PUNTO DE ACCESO ADICIONAL DE MATERIA--TÉRMINO DE MATERIA |
| Término de materia o nombre geográfico como elemento de entrada |
New products |
| 9 (RLIN) |
8236 |
| 942 ## - ELEMENTOS DE ENTRADA AGREGADA (KOHA) |
| Fuente del sistema de clasificación o colocación |
Clasificación de Library of Congress |